000 00915nas a2200265 4500
001 BR9213400
003 BR-BrBNA
005 20231205095257.0
007 ta
008 230509b bl.|||p| |||| 00| 00por d
040 _aBR-BrBNA
_bpor
_cBiblioteca Nacional de Agricultura
041 _a(Pt)
072 _aQ03
100 1 _aHoffmann, F.L.
100 1 _aCruz, C.H.G.
100 1 _aViturim, T.M.
245 1 _aAvaliacao das caracteristicas microbiologicas de amostras de acucar refinado de diferentes marcas comerciais obtidas na regiao de Sao Jose do Rio Preto, Sao Paulo
650 _aAcucar
650 _aAnalise Biologica
650 _aContaminacao Bacteriana
650 _aSao Paulo
773 0 _tBoletim do Centro de Pesquisa e Processamento de Alimentos (Brazil)
_xISSN 0102-0323
_g(Jan-Jun 1992), v. 10(1) p. 75-82
_wBR9213400
909 _a202311
_bLúcia
_c55
_dLúcia Elande
942 _2AGRIS
_n0
_cANA
999 _c149768
_d149768